Escuela de padres: curso de orientación familiar
Gespeichert in:
| 1. Verfasser: | |
|---|---|
| Format: | Buch |
| Sprache: | Spanisch |
| Veröffentlicht: |
Madrid
P.S
1978
|
| Schriftenreihe: | Colección Evangelización, 53
|
| Schlagworte: | |
| Tags: |
Tag hinzufügen
Keine Tags, Fügen Sie den ersten Tag hinzu!
|
MARC
| LEADER | 00000nam a2200000 a 4500 | ||
|---|---|---|---|
| 001 | UCW7814 | ||
| 003 | CL-VaPUC | ||
| 008 | 930907e19780000SP |||||||||||||||||spa|d | ||
| 020 | |a 8428403082 | ||
| 082 | 0 | 4 | |a 371.4 |b IZQ |2 21 |
| 100 | |a Izquierdo, Ciriaco |e author |9 357864 | ||
| 245 | 1 | 0 | |a Escuela de padres: curso de orientación familiar |
| 300 | |a 159 p | ||
| 942 | |c BK | ||
| 945 | |d 19930907 00:00:00 | ||
| 260 | |a Madrid |b P.S |c 1978 | ||
| 650 | 0 | |a Familias |9 255641 | |
| 650 | 7 | |a ORIENTACION FAMILIAR |2 CL-VaPUC |9 313035 | |
| 650 | 0 | |a Valores morales |9 310604 | |
| 583 | |a last modification |c 20180227 01:52:38 |k Rodrigo Vera | ||
| 490 | 0 | |a Colección Evangelización, 53 | |
| 999 | |c 220475 |d 220473 | ||
| 952 | |0 0 |1 0 |4 0 |6 371_400000000000000_IZQ_1978 |7 0 |8 P |9 212755 |a BIBEDU |b BIBEDU |c BIBEDU_PB |d 2019-11-15 |i 2809125 |o 371.4 IZQ 1978 |p 2809125 |r 2024-01-25 |w 2019-11-15 |y BK |k EDU | ||
| 952 | |0 0 |1 0 |4 0 |6 371_400000000000000_IZQ_1978 |7 0 |8 P |9 212756 |a BIBEDU |b BIBEDU |c BIBEDU_PB |d 2019-11-15 |i 1560204 |o 371.4 IZQ 1978 |p 1560204 |r 2024-01-25 |w 2019-11-15 |y BK |k EDU | ||
| 952 | |0 0 |1 0 |4 0 |6 371_400000000000000_IZQ_1978 |7 0 |8 P |9 212757 |a BIBEDU |b BIBEDU |c BIBEDU_PB |d 2019-11-15 |i 1560212 |o 371.4 IZQ 1978 |p 1560212 |r 2024-01-25 |w 2019-11-15 |y BK |k EDU | ||